Qui est ce chanteur / cette chanteuse ??? - Statistiques

Statistiques générales
  • Ce quiz a été pris 522 fois
  • Le résultat moyen est 8 sur 14
Statistiques - réponses
Par images Réponse % Correct
Céline Dion
96%
Soprano
96%
Mika
92%
Calogero
81%
Eminem
74%
Snoop Dogg
53%
Lil Nas X
49%
France Gall
42%
Joe Dassin
39%
Sia
36%
Larusso
34%
Paul McCartney
29%
Jeanne Mas
26%
Stephan Eicher
15%
Aucun quiz correspondant
Distribution des résultats
% des personnes avec chaque résultat
Percentile par nombre de réponses
Votre historique - résultats
Vous n’avez pas pris ce quiz